01666cam a22004337a 4500003000500000005001700005008004100022010001000063011001000073020001500083022001400098035001000112040000900122082002700131110000800158245005200166260002400218300001100242410000800253490004400261500001800305500006700323590004100390590004100431590004100472590004200513650001500555650005100570810000800621830005100629901000700680905002600687942001000713949008600723949009100809999001700900952015500917952016001072CHAP20220817043916.0991213d1998 it rn 00010 spa d a87709 a88681 a92500491610 a0378-6811 a99226 cCHAP a630.3bF21 2003 v.15/82 aFAO10aOrganización y estructura de la FAOc/por FAO aRoma :bFAO,c2003. a305 p. aFAO 0aBoletín de terminologíav; 15/rev.8 aEd. poliglota aMultilingüe (inglés, francés, español, árabe, chino) aBATCH-UPDb10c20130110lUCH01h1353 aBATCH-UPDb10c20130410lUCH01h0849 aBATCH-UPDb10c20130914lUCH01h0653 aCONVERSIONb10c20130109lUCH01h134914aFAO93942914aOrganismos Internacionales Agrícolas.9835260 aFAO0 aBoletín de terminologíav; 15/rev.8913539 aBK aAlejandra Carrasco M. cLIBRO a630.3 F21 2003 v.15/8bBCcFAOd33724000898078eFAO1gDonaciØnh103977i99226sb a630.3 F21 2003 v.15/8bBCcFAOd33724000908356eFAO2fc.2gDonaciØnh103883i99226sb c87709d87709 00104053708FAOaBCbBCcPP_FAOd2019-12-31eDonacionfLIBROi127l0o630.3 F21 2003 v.15/8p33724000898078r2019-12-31 00:00:00w2019-12-31yLIBRO 00104051708FAOaBCbBCcPP_FAOd2019-12-31eDonacionfLIBROi127l0o630.3 F21 2003 v.15/8p33724000908356r2019-12-31 00:00:00tc.2w2019-12-31yLIBRO